000 00429nam a22001697a 4500
003 NUST - PNEC
005 20170116180919.0
008 150904b xxu||||| |||| 00| 0 eng d
020 _a0521354366
040 _cLIBRARY
082 _a666 SEG
100 _97622
_aSegal, David
245 _aChemical synthesis of advanced ceramic materials
_cDavid Segal
260 _cc.1989
650 _97624
_aCeramics
_xME
942 _2ddc
_cBK
999 _c65547
_d65547